01213nam a2200253 a 450000100100000000500170001000800410002702000150006804000250008310000340010824501340014226001380027630000210041449000350043550400730047050400340054370000370057770000490061471000600066371000720072383000420079595201050083799900170094200004126120201002034732.0130927s2001 sp 000 0 spa d a8400063007 aDO-SdBNPbspacBNPHU1 aCabello Balboa, Miguel96786710aDescripción de la provincia de Esmeraldas /cedición Miguel Cabello Balboa ; introducción y no tas de José Alcina Franch. aMadrid :bInstituto de Historia, Departamento de Historia de América :bConsejo Superior de Investigaciones Científicas,c2001.1. a133 p. ;c24 cm.1 aTierra nueva e cielo nuevov30 aIncluye referencias bibliográficas y notas al pie de las páginas aBibliografía : p. [131]-1331 aAlcina Franch, Jose,eed.9678681 aAlcina Franch, Joséd1922-2001eed.9678692 aConsejo Superior de Investigaciones Científicas947862 aInstituto de Historia, Departamento de Historia de América967870 0aTierra nueva e cielo nuevov30915388 001050718MOaGRbGRcCTd2013-09-27iLF1l0o p41261-10r2020-06-25w2020-06-25y1ZNo se presta c40751d40751